[Event "EU-ch U12 28th"]
[Site "Riga"]
[Date "2018.08.21"]
[Round "2"]
[White "Sidletskyi, Ivan"]
[Black "Zass, Kristaps"]
[Result "1-0"]
[WhiteElo "1964"]
[BlackElo "1405"]
[PlyCount "97"]
[EventDate "2018.08.20"]
[EventType "swiss"]
[EventRounds "9"]
[EventCountry "LAT"]
[SourceTitle "CBM 186 Extra"]
[Source "ChessBase"]
[SourceDate "2018.08.24"]
[SourceVersion "1"]
[SourceVersionDate "2018.08.24"]
[SourceQuality "1"]

1. e4 d5 2. exd5 Qxd5 3. Nc3 Qa5 4. d4 c6 5. Bd3 Nf6 6. Nge2 b5 7. 0-0 Bb7 8. Ng3 e6 9. Qe2 Nbd7 10. Bd2 Qc7 11. f4 Qd6 12. Be3 Be7 13. Nce4 Nxe4 14. Nxe4 Qd5 15. f5 0-0 16. fxe6 Qxe6 17. Rae1 h6 18. Qf2 Nf6 19. Nxf6+ Bxf6 20. Bg5 Qxe1 21. Rxe1 Bxg5 22. h4 Bf6 23. c3 Bc8 24. Qf3 Bd7 25. Rf1 Rfe8 26. g4 Re7 27. Qg3 Rae8 28. Rf3 Re1+ 29. Kg2 c5 30. g5 hxg5 31. hxg5 Bxd4 32. cxd4 Bc6 33. Kf2 c4 34. Bf1 Bxf3 35. Qxf3 Rb1 36. Qc3 Re4 37. Bg2 Rf4+ 38. Kg3 Rf5 39. Qc2 Rxg5+ 40. Kf4 f6 41. Qxb1 Rxg2 42. d5 g5+ 43. Kf3 Rd2 44. Qg6+ Kf8 45. Qxf6+ Ke8 46. Qc6+ Ke7 47. Qxb5 Kd6 48. Qc6+ Ke5 49. Qe6+ 1-0

[Event "EU-ch U12 27th"]
[Site "Mamaia"]
[Date "2017.09.06"]
[Round "2"]
[White "Jaques, Hannibal Valeur"]
[Black "Zass, Kristaps"]
[Result "0-1"]
[WhiteElo "1661"]
[BlackElo "1328"]
[PlyCount "132"]
[EventDate "2017.09.05"]
[EventType "swiss"]
[EventRounds "9"]
[EventCountry "ROU"]
[SourceTitle "CBM 180 Extra"]
[Source "ChessBase"]
[SourceDate "2017.10.06"]
[SourceVersion "1"]
[SourceVersionDate "2017.10.06"]
[SourceQuality "1"]

1. e4 Nf6 2. Nc3 d5 3. exd5 Nxd5 4. Bc4 Nxc3 5. Qf3 e6 6. Qxc3 Nc6 7. Nf3 Qf6 8. Qxf6 gxf6 9. d4 Bd7 10. Bd2 0-0-0 11. 0-0-0 Bb4 12. Bf4 Na5 13. Bd3 Bc6 14. a3 Bd6 15. Bd2 Bxf3 16. gxf3 Nc6 17. Bc3 Bf4+ 18. Kb1 Nxd4 19. Be4 e5 20. Bxd4 Rxd4 21. Rxd4 exd4 22. Rd1 c5 23. Bf5+ Kc7 24. Re1 Kd6 25. h3 h6 26. Re4 Bd2 27. Bg4 h5 28. Bf5 Rg8 29. b4 b6 30. bxc5+ bxc5 31. Ka2 Rb8 32. Rh4 Bc3 33. a4 Rb4 34. Rxh5 Rxa4+ 35. Kb3 Ra1 36. Be4 Bb4 37. Kb2 Rf1 38. Rd5+ Ke6 39. h4 Rxf2 40. h5 Rh2 41. Kb3 a5 42. Rf5 Rh3 43. Rd5 Ke7 44. Rf5 Kf8 45. Rxf6 Rxh5 46. Bg6 Rh6 47. Rxf7+ Kg8 48. Ra7 Rxg6 49. Kc4 Rf6 50. Kd5 Rf7 51. Ra8+ Kg7 52. Ke4 Kg6 53. Rg8+ Kf6 54. Ra8 Re7+ 55. Kf4 Bd2+ 56. Kg4 Rg7+ 57. Kh5 Rc7 58. Rd8 Ra7 59. Rb8 a4 60. Rb6+ Ke5 61. Rb2 a3 62. Ra2 c4 63. c3 d3 64. Rxd2 a2 65. f4+ Kf5 66. Rd1 Rh7# 0-1

[Event "EU Union-ch U10"]
[Site "Kouty nad Desnou"]
[Date "2016.08.14"]
[Round "9"]
[White "Mikalauskaite, Vytaute"]
[Black "Zass, Kristaps"]
[Result "0-1"]
[WhiteElo "1305"]
[BlackElo "1302"]
[PlyCount "116"]
[EventDate "2016.08.06"]
[EventType "swiss"]
[EventRounds "9"]
[EventCountry "CZE"]
[SourceTitle "CBM 174 Extra"]
[Source "ChessBase"]
[SourceDate "2016.10.10"]
[SourceVersion "1"]
[SourceVersionDate "2016.10.10"]
[SourceQuality "1"]

1. e4 Nf6 2. Nc3 d5 3. exd5 Nxd5 4. Bc4 Nxc3 5. bxc3 e6 6. d4 Be7 7. Nf3 0-0 8. Bf4 Nd7 9. 0-0 Nf6 10. Ne5 Nd5 11. Bxd5 exd5 12. Nd3 a5 13. Qe2 Ra6 14. Rab1 Bg5 15. Qe5 Bxf4 16. Qxf4 Rf6 17. Qg5 h6 18. Qh4 Re8 19. Rfe1 b6 20. Nb2 Kh7 21. Qg3 Rg6 22. Qd3 Qg5 23. g3 Bf5 24. Qd1 Re4 25. Rxe4 Bxe4 26. Nd3 f5 27. Nf4 Qxf4 28. Kf1 Qf3 29. Qxf3 Bxf3 30. Re1 Rc6 31. Re3 Be4 32. Ke2 Bxc2 33. Kd2 Bb1 34. a3 b5 35. Re5 Be4 36. f3 Bxf3 37. Rxf5 Be4 38. Rf1 Rc4 39. Ra1 b4 40. axb4 axb4 41. Rc1 b3 42. h4 b2 43. Re1 b1Q 44. Rxb1 Bxb1 45. Kc1 Be4 46. Kb2 Kg6 47. g4 c5 48. dxc5 Rxc5 49. Kb3 Rb5+ 50. Ka4 Bd3 51. Ka3 h5 52. g5 Kf5 53. g6 Ke4 54. Ka2 d4 55. cxd4 Kxd4 56. Ka3 Kc3 57. Ka4 Bc4 58. Ka3 Ra5# 0-1

[Event "EU Union-ch U10"]
[Site "Kouty nad Desnou"]
[Date "2016.08.13"]
[Round "8"]
[White "Zass, Kristaps"]
[Black "Kapicakova, Lucia"]
[Result "0-1"]
[WhiteElo "1302"]
[BlackElo "1227"]
[PlyCount "98"]
[EventDate "2016.08.06"]
[EventType "swiss"]
[EventRounds "9"]
[EventCountry "CZE"]
[SourceTitle "CBM 174 Extra"]
[Source "ChessBase"]
[SourceDate "2016.10.10"]
[SourceVersion "1"]
[SourceVersionDate "2016.10.10"]
[SourceQuality "1"]

1. e4 e5 2. Bc4 Bc5 3. d4 Bxd4 4. Nf3 d6 5. Nxd4 exd4 6. Qxd4 Qf6 7. Be3 Nc6 8. Qxf6 Nxf6 9. Nc3 Be6 10. Be2 a6 11. 0-0 0-0 12. h3 h6 13. f4 Rae8 14. e5 dxe5 15. fxe5 Nd7 16. Rad1 Rd8 17. Rf3 Ndxe5 18. Rg3 Rxd1+ 19. Nxd1 Kh7 20. Nf2 Bf5 21. Nd3 Nxd3 22. cxd3 Ne5 23. b3 Re8 24. Bd4 Ng6 25. Re3 Rd8 26. Bc3 Nf4 27. d4 Ne6 28. Bd3 Bxd3 29. Rxd3 c5 30. d5 Nf4 31. Ba5 Rxd5 32. Rf3 Rf5 33. Kh2 c4 34. Bd2 g5 35. g3 Rd5 36. Bxf4 gxf4 37. Rxf4 c3 38. g4 Kg7 39. Rc4 Rd2+ 40. Kg3 c2 41. Kf3 Kf6 42. h4 b5 43. g5+ hxg5 44. hxg5+ Ke5 45. Rc8 Kd4 46. a3 Kd3 47. a4 Rd1 48. axb5 axb5 49. Kf4 c1Q+ 0-1

[Event "EU Union-ch U10"]
[Site "Kouty nad Desnou"]
[Date "2016.08.08"]
[Round "3"]
[White "Liandzbergas, Mykolas"]
[Black "Zass, Kristaps"]
[Result "1-0"]
[WhiteElo "1443"]
[BlackElo "1302"]
[PlyCount "21"]
[EventDate "2016.08.06"]
[EventType "swiss"]
[EventRounds "9"]
[EventCountry "CZE"]
[SourceTitle "CBM 174 Extra"]
[Source "ChessBase"]
[SourceDate "2016.10.10"]
[SourceVersion "1"]
[SourceVersionDate "2016.10.10"]
[SourceQuality "1"]

1. e4 Nf6 2. Nc3 d5 3. exd5 Nxd5 4. Bc4 Nxc3 5. bxc3 Nc6 6. Nf3 Bg4 7. Bxf7+ Kd7 8. h3 Bxf3 9. Qxf3 Kc8 10. Be6+ Kb8 11. Qxc6 1-0

[Event "EU Union-ch U10"]
[Site "Kouty nad Desnou"]
[Date "2016.08.06"]
[Round "1"]
[White "Nastore, Pavel Alexandru"]
[Black "Zass, Kristaps"]
[Result "1-0"]
[WhiteElo "1689"]
[BlackElo "1302"]
[PlyCount "107"]
[EventDate "2016.08.06"]
[EventType "swiss"]
[EventRounds "9"]
[EventCountry "CZE"]
[SourceTitle "CBM 174 Extra"]
[Source "ChessBase"]
[SourceDate "2016.10.10"]
[SourceVersion "1"]
[SourceVersionDate "2016.10.10"]
[SourceQuality "1"]

1. e4 c5 2. Nf3 g6 3. d4 cxd4 4. Nxd4 Bg7 5. Nc3 Nc6 6. Be3 d6 7. Bc4 Nf6 8. f3 0-0 9. Bb3 Bd7 10. Qd2 Re8 11. 0-0-0 a6 12. g4 Na5 13. h4 Nxb3+ 14. Nxb3 b5 15. e5 Nxg4 16. fxg4 Bxg4 17. Rdg1 h5 18. exd6 Qxd6 19. Qxd6 exd6 20. Bd4 Bh6+ 21. Kb1 Rac8 22. Nd5 Bg7 23. Re1 Bf3 24. Rxe8+ Rxe8 25. Nc7 Re7 26. Rf1 Bb7 27. Bb6 Re2 28. Nd4 Re7 29. Nb3 Re2 30. Nc1 Re7 31. Nd3 Re4 32. a3 Rxh4 33. Ne8 Rh1 34. Rxh1 Bxh1 35. Nxd6 Bf8 36. Bc5 Bxd6 37. Bxd6 Be4 38. Kc1 g5 39. Kd2 Bxd3 40. cxd3 Kg7 41. Ke2 Kg6 42. Kf3 h4 43. d4 f5 44. d5 Kf6 45. b4 h3 46. Kg3 g4 47. Bf4 Kf7 48. Kh4 Kf6 49. d6 Kf7 50. Kg5 Ke6 51. Kg6 Kd7 52. Kxf5 Kd8 53. Ke6 Ke8 54. d7+ 1-0